[Event "Rakovnik Regional-chT 1415"]
[Site "Rakovnik"]
[Date "2015.03.01"]
[Round "9.5"]
[White "Voracek, Zdenek"]
[Black "Jarrah, Kamal"]
[Result "0-1"]
[WhiteElo "2058"]
[BlackElo "2044"]
[PlyCount "74"]
[EventDate "2014.10.19"]
[EventType "team-tourn"]
[EventRounds "11"]
[EventCountry "CZE"]
[SourceTitle "EXT 2016"]
[Source "ChessBase"]
[SourceDate "2015.10.08"]
[SourceVersion "1"]
[SourceVersionDate "2015.10.08"]
[SourceQuality "1"]
[WhiteTeam "Ricany III"]
[BlackTeam "Kralupy nad Vltavou"]
[WhiteTeamCountry "CZE"]
[BlackTeamCountry "CZE"]

1. d4 d5 2. c4 e6 3. Nf3 Nf6 4. Nc3 c6 5. e3 Nbd7 6. b3 Bb4 7. Bd2 Qe7 8. Be2 0-0 9. 0-0 Bd6 10. Rc1 dxc4 11. bxc4 e5 12. Qc2 Re8 13. d5 cxd5 14. cxd5 e4 15. Nd4 Nb6 16. Qb3 Bd7 17. a4 Qe5 18. f4 exf3 19. Nxf3 Qh5 20. a5 Nbxd5 21. Nxd5 Nxd5 22. Qxb7 Bg4 23. h3 Be6 24. Bb5 Rab8 25. Qa6 Red8 26. Bc6 Nc7 27. Qxa7 Qg6 28. Nh4 Qg3 29. Be1 Qh2+ 30. Kf2 Rb2+ 31. Kf3 Bxh3 32. Bf2 Bxg2+ 33. Nxg2 Qh3+ 34. Ke4 Qxg2+ 35. Kd4 Bb4+ 36. Ke5 Qg5+ 37. Ke4 Qg4+ 0-1

[Event "Rakovnik Regional-chT 1415"]
[Site "Rakovnik"]
[Date "2014.12.07"]
[Round "4.6"]
[White "Valtr, Tomas"]
[Black "Jarrah, Kamal"]
[Result "1/2-1/2"]
[WhiteElo "1980"]
[BlackElo "2044"]
[PlyCount "36"]
[EventDate "2014.10.19"]
[EventType "team-tourn"]
[EventRounds "11"]
[EventCountry "CZE"]
[SourceTitle "EXT 2016"]
[Source "ChessBase"]
[SourceDate "2015.10.08"]
[SourceVersion "1"]
[SourceVersionDate "2015.10.08"]
[SourceQuality "1"]
[WhiteTeam "Lysa nad Labem IV"]
[BlackTeam "Kralupy nad Vltavou"]
[WhiteTeamCountry "CZE"]
[BlackTeamCountry "CZE"]

1. d4 d5 2. Nf3 Nf6 3. e3 c5 4. c3 Nbd7 5. Bd3 Qc7 6. Nbd2 e5 7. e4 cxd4 8. cxd4 dxe4 9. Nxe4 Nxe4 10. Bxe4 Nf6 11. Qe2 Bb4+ 12. Bd2 Bxd2+ 13. Nxd2 0-0 14. dxe5 Ng4 15. 0-0 Qxe5 16. Nf3 Qf4 17. Qc4 Kh8 18. Bd5 Qxc4 1/2-1/2

[Event "Rakovnik Regional-chT 1415"]
[Site "Rakovnik"]
[Date "2014.11.09"]
[Round "2.5"]
[White "Jarrah, Kamal"]
[Black "Satransky, Jaroslav"]
[Result "0-1"]
[WhiteElo "2044"]
[BlackElo "2275"]
[PlyCount "60"]
[EventDate "2014.10.19"]
[EventType "team-tourn"]
[EventRounds "11"]
[EventCountry "CZE"]
[SourceTitle "EXT 2016"]
[Source "ChessBase"]
[SourceDate "2015.10.08"]
[SourceVersion "1"]
[SourceVersionDate "2015.10.08"]
[SourceQuality "1"]
[WhiteTeam "Kralupy nad Vltavou"]
[BlackTeam "Rakovnik"]
[WhiteTeamCountry "CZE"]
[BlackTeamCountry "CZE"]

1. e4 e5 2. Nf3 Nc6 3. Bb5 Nd4 4. Nxd4 exd4 5. d3 c6 6. Bc4 Nf6 7. 0-0 d6 8. f4 Be7 9. Nd2 0-0 10. Nf3 d5 11. exd5 cxd5 12. Bb3 Bc5 13. Ne5 b5 14. g4 Bd6 15. g5 Bxe5 16. fxe5 Ng4 17. Qf3 Be6 18. Qg3 Rc8 19. h3 Ne3 20. Bxe3 dxe3 21. d4 e2 22. Rf2 Qd7 23. Kh2 Bf5 24. Rxe2 Rc6 25. c3 h6 26. h4 hxg5 27. hxg5 Rg6 28. Qf4 f6 29. Rg1 fxg5 30. Rxg5 Bd3 0-1

[Event "CZE-chT2B 1213"]
[Site "Czech Republic"]
[Date "2012.10.14"]
[Round "1.7"]
[White "Jarrah, Kamal"]
[Black "Kucera, Jaroslav"]
[Result "0-1"]
[WhiteElo "2053"]
[BlackElo "2007"]
[PlyCount "100"]
[EventDate "2012.10.14"]
[EventType "team-tourn"]
[EventRounds "11"]
[EventCountry "CZE"]
[SourceTitle "EXT 2015"]
[Source "ChessBase"]
[SourceDate "2014.11.20"]
[SourceVersion "1"]
[SourceVersionDate "2014.11.20"]
[SourceQuality "1"]
[WhiteTeam "Kralupy nad Vltavou"]
[BlackTeam "Liberec Desko"]
[WhiteTeamCountry "CZE"]
[BlackTeamCountry "CZE"]

1. e4 d5 2. exd5 Nf6 3. Bb5+ Bd7 4. Bc4 Bg4 5. f3 Bf5 6. Nc3 c6 7. d4 Nxd5 8. Nge2 e6 9. 0-0 Bd6 10. Ne4 Bc7 11. N2g3 Bg6 12. f4 Qh4 13. f5 Bxg3 14. Nxg3 Bxf5 15. Nxf5 exf5 16. Rxf5 0-0 17. Bg5 Qe4 18. Re5 Qg6 19. Bxd5 cxd5 20. Rxd5 Nc6 21. Qd2 Rae8 22. Rd7 Re4 23. Rf1 f6 24. Be3 Qe8 25. Rxg7+ Kxg7 26. Bh6+ Kg8 27. Bxf8 Qxf8 28. c3 Qe7 29. d5 Ne5 30. d6 Qe6 31. Rxf6 Qxf6 32. Qd5+ Kh8 33. Qxe4 Qxd6 34. Qxb7 Qd1+ 35. Kf2 Qd2+ 36. Kf1 Qd1+ 37. Kf2 Qd2+ 38. Kf1 Qd1+ 39. Kf2 Qc2+ 40. Kf1 Qb1+ 41. Ke2 Qd3+ 42. Ke1 Qe3+ 43. Kd1 Qd3+ 44. Ke1 Qb1+ 45. Ke2 Qc2+ 46. Ke3 Qd3+ 47. Kf4 Ng6+ 48. Kg5 Qe3+ 49. Kf6 Qe5+ 50. Kf7 Qg7+ 0-1

[Event "Czechia KP-chTA 0607"]
[Site "Czech Republic"]
[Date "2007.01.21"]
[Round "6.3"]
[White "Jarrah, Kamal"]
[Black "Gasek, Stanislav"]
[Result "1/2-1/2"]
[WhiteElo "2039"]
[BlackElo "1831"]
[PlyCount "102"]
[EventDate "2006.10.29"]
[EventType "team"]
[EventRounds "11"]
[EventCountry "CZE"]
[SourceTitle "EXT 2008"]
[Source "ChessBase"]
[SourceDate "2007.11.25"]
[SourceVersion "1"]
[SourceVersionDate "2007.11.25"]
[SourceQuality "1"]
[WhiteTeam "Kralupy nad Vltavou"]
[BlackTeam "Pribram II"]
[WhiteTeamCountry "CZE"]
[BlackTeamCountry "CZE"]

1. e4 e6 2. d4 d5 3. Nd2 Nc6 4. Ngf3 Nf6 5. e5 Nd7 6. Nb3 a5 7. a4 b6 8. c3 Ncb8 9. Bf4 Ba6 10. Bxa6 Nxa6 11. 0-0 c5 12. dxc5 bxc5 13. Qe2 Qb6 14. Qb5 Nc7 15. Qxb6 Nxb6 16. Be3 Nd7 17. Nfd2 c4 18. Nd4 Nxe5 19. Nb5 Kd7 20. b3 cxb3 21. Nxb3 Nc4 22. Rfd1 Nxb5 23. axb5 Bd6 24. Nc5+ Bxc5 25. Bxc5 Rhb8 26. Rdb1 Rb7 27. f4 Rab8 28. b6 Kc6 29. Bd4 f6 30. Re1 Re8 31. Re2 e5 32. Kf1 Rbe7 33. fxe5 fxe5 34. Bg1 Ra8 35. Rea2 e4 36. Bd4 e3 37. Ke2 Rf7 38. Kd3 Re7 39. Ke2 Rf8 40. Kd3 a4 41. Re2 a3 42. Rb1 Nb2+ 43. Rbxb2 axb2 44. Rxb2 Rf2 45. Rxf2 exf2 46. Bxf2 Re4 47. h4 Rf4 48. Ke2 g6 49. Ke3 Re4+ 50. Kf3 h5 51. g3 Rg4 1/2-1/2

[Event "Czechia KP-chTA 0607"]
[Site "Czech Republic"]
[Date "2007.01.07"]
[Round "5.2"]
[White "Jarrah, Kamal"]
[Black "Postupa, Pavel"]
[Result "0-1"]
[WhiteElo "2039"]
[BlackElo "2142"]
[PlyCount "96"]
[EventDate "2006.10.29"]
[EventType "team"]
[EventRounds "11"]
[EventCountry "CZE"]
[SourceTitle "EXT 2008"]
[Source "ChessBase"]
[SourceDate "2007.11.25"]
[SourceVersion "1"]
[SourceVersionDate "2007.11.25"]
[SourceQuality "1"]
[WhiteTeam "Kralupy nad Vltavou"]
[BlackTeam "Lysa nad Labem II"]
[WhiteTeamCountry "CZE"]
[BlackTeamCountry "CZE"]

1. e4 c5 2. Nc3 d6 3. g3 g6 4. Bg2 Bg7 5. d3 Nc6 6. Be3 e6 7. Qd2 Rb8 8. Nf3 Nge7 9. Bh6 0-0 10. h4 Bxh6 11. Qxh6 f6 12. 0-0-0 e5 13. Nd5 Nxd5 14. exd5 Ne7 15. Nh2 b5 16. Be4 Bf5 17. g4 Bxe4 18. dxe4 Kh8 19. Qe3 Qa5 20. Kb1 Rb6 21. g5 f5 22. h5 Ra6 23. a3 b4 24. hxg6 bxa3 25. Qh3 Nxg6 26. Ng4 Rf7 27. Nf6 Nf8 28. Qh6 Qd8 29. b3 f4 30. Rdg1 Rb6 31. g6 Rg7 32. Qxg7+ Kxg7 33. gxh7+ Ng6 34. Rxg6+ Kxg6 35. h8Q Qxh8 36. Rxh8 Kxf6 37. Rh6+ Kg5 38. Rh7 Kg4 39. Rg7+ Kf3 40. Rc7 Ra6 41. Rc6 a2+ 42. Ka1 Rb6 43. c4 Kxf2 44. b4 Rxb4 45. Rxd6 Ke3 46. Re6 Kxe4 47. d6 Rxc4 48. d7 Rd4 0-1

[Event "CZE-chT3A Middle 0506  "]
[Site "Czech Republic"]
[Date "2006.02.05"]
[Round "7.2"]
[White "Jarrah, Kamal"]
[Black "Savkov, Frantisek"]
[Result "0-1"]
[WhiteElo "2019"]
[BlackElo "2104"]
[PlyCount "58"]
[EventDate "2005.10.30"]
[EventType "team"]
[EventRounds "11"]
[EventCountry "CZE"]
[SourceTitle "EXT 2009"]
[Source "ChessBase"]
[SourceDate "2008.11.26"]
[SourceVersion "1"]
[SourceVersionDate "2008.11.26"]
[SourceQuality "1"]

1. e4 g6 2. d4 Bg7 3. Nc3 c5 4. d5 a6 5. a4 d6 6. f4 Nh6 7. Nf3 0-0 8. Be2 Qa5 9. Bd2 Qb4 10. 0-0 c4 11. Qc1 Ng4 12. Ra3 Nd7 13. Kh1 Nc5 14. h3 Nh6 15. f5 Bxf5 16. Bxh6 Nxe4 17. Bxg7 Ng3+ 18. Kg1 Kxg7 19. Rd1 Qxc3 20. Rxc3 Nxe2+ 21. Kf2 Nxc1 22. Rxc1 Rfc8 23. Ke3 Bd7 24. Ra1 Rc5 25. Kd4 Rac8 26. Nd2 e5+ 27. dxe6 fxe6 28. Nxc4 e5+ 29. Kd3 Bf5+ 0-1

[Event "CZE-chT3A Middle 0506  "]
[Site "Czech Republic"]
[Date "2005.12.11"]
[Round "4.3"]
[White "Jarrah, Kamal"]
[Black "Pauch, Jan"]
[Result "1/2-1/2"]
[WhiteElo "2019"]
[BlackElo "2096"]
[PlyCount "31"]
[EventDate "2005.10.30"]
[EventType "team"]
[EventRounds "11"]
[EventCountry "CZE"]
[SourceTitle "EXT 2009"]
[Source "ChessBase"]
[SourceDate "2008.11.26"]
[SourceVersion "1"]
[SourceVersionDate "2008.11.26"]
[SourceQuality "1"]

1. e4 c5 2. Nc3 Nc6 3. g3 g6 4. Bg2 Bg7 5. d3 d6 6. f4 Nf6 7. Nf3 0-0 8. 0-0 Bg4 9. h3 Bxf3 10. Bxf3 Nd4 11. Bg2 Rb8 12. a4 a6 13. Kh2 e6 14. Be3 Nd7 15. Ra2 Qc7 16. Ne2 1/2-1/2

[Event "CZE-chT3A Middle 0506  "]
[Site "Czech Republic"]
[Date "2005.11.13"]
[Round "2.2"]
[White "Gasek, Stanislav"]
[Black "Jarrah, Kamal"]
[Result "1-0"]
[WhiteElo "1819"]
[BlackElo "2019"]
[PlyCount "105"]
[EventDate "2005.10.30"]
[EventType "team"]
[EventRounds "11"]
[EventCountry "CZE"]
[SourceTitle "EXT 2009"]
[Source "ChessBase"]
[SourceDate "2008.11.26"]
[SourceVersion "1"]
[SourceVersionDate "2008.11.26"]
[SourceQuality "1"]

1. d4 d5 2. c4 e6 3. Nc3 c5 4. cxd5 cxd4 5. Qxd4 Nc6 6. Qd2 exd5 7. Qxd5 Bd7 8. a3 Nf6 9. Qd1 Bc5 10. Nf3 Qe7 11. e3 0-0-0 12. Be2 Bh3 13. Qa4 Bxg2 14. Rg1 Bxf3 15. Bxf3 Ne5 16. Be2 h5 17. Ne4 Kb8 18. Nxc5 Qxc5 19. Bd2 Nfg4 20. Rc1 Qd5 21. Bc3 Nf3+ 22. Bxf3 Qxf3 23. Qf4+ Qxf4 24. exf4 Nxh2 25. Rxg7 Rhe8+ 26. Be5+ Ka8 27. Rxf7 Nf3+ 28. Ke2 Nxe5 29. fxe5 Rxe5+ 30. Kf3 Rb5 31. Rc2 a5 32. Kg2 Rg5+ 33. Kf1 Rh8 34. f4 Rb5 35. f5 h4 36. Kg2 Rg8+ 37. Kh2 Ka7 38. Rf2 Rc5 39. f6 Rc6 40. Re7 Rf8 41. f7 Rcc8 42. Kh3 Rh8 43. Rf5 Ka6 44. Rf6+ Ka7 45. Rfe6 Rcf8 46. Re8 a4 47. Re4 Kb6 48. Rxf8 Rxf8 49. Re7 Kc6 50. Kxh4 Kd6 51. Rxb7 Ke6 52. Kg5 Rh8 53. Kg6 1-0

[Event "CZE Czechia-ch"]
[Site "Czech Republic"]
[Date "1993.??.??"]
[Round "9"]
[White "Jarrah, Kamal"]
[Black "Adamek, Petr"]
[Result "1/2-1/2"]
[WhiteElo "2015"]
[BlackElo "1940"]
[PlyCount "39"]
[EventDate "1993.??.??"]
[EventType "swiss"]
[EventRounds "9"]
[EventCountry "CZE"]
[SourceTitle "EXT 1997"]
[Source "ChessBase"]
[SourceDate "1996.11.15"]
[SourceVersion "1"]
[SourceVersionDate "1996.11.15"]
[SourceQuality "1"]

1. e4 d6 2. d4 Nf6 3. Nc3 c6 4. h3 Nbd7 5. Nf3 e5 6. Bd3 Be7 7. 0-0 0-0 8. Ne2 Re8 9. c3 Bf8 10. Ng3 d5 11. dxe5 dxe4 12. exf6 Nxf6 13. Nxe4 Nxe4 14. Bxe4 Qxd1 15. Bxh7+ Kxh7 16. Rxd1 f6 17. Be3 Be6 18. b3 Red8 19. c4 a5 20. g4 1/2-1/2